[Event "FRA-chT U18"]
[Site "France"]
[Date "1996.??.??"]
[Round "?"]
[White "Cantiron, Florence"]
[Black "Taillefer, Fabrice"]
[Result "1/2-1/2"]
[WhiteElo "1940"]
[BlackElo "1710"]
[PlyCount "79"]
[EventDate "1996.??.??"]
[EventType "team"]
[EventRounds "11"]
[EventCountry "FRA"]
[SourceTitle "EXT 2004"]
[Source "ChessBase"]
[SourceDate "2003.11.25"]
[SourceVersion "1"]
[SourceVersionDate "2003.11.25"]
[SourceQuality "1"]

1. e4 e6 2. d4 d5 3. exd5 exd5 4. Bd3 Bd6 5. Nf3 Nf6 6. 0-0 0-0 7. Bg5 Bg4 8. c3 Nbd7 9. Nbd2 c6 10. Qc2 h6 11. Bh4 Qc7 12. Rae1 Rae8 13. Bg3 Rxe1 14. Rxe1 Bxg3 15. fxg3 Re8 16. Rxe8+ Nxe8 17. Nf1 Nd6 18. Ne3 Be6 19. Nf1 Nf6 20. Ne5 Nde4 21. Nd2 Bf5 22. g4 Bh7 23. Nxe4 Bxe4 24. Bxe4 Nxe4 25. Qc1 Qe7 26. Qf4 Qf6 27. Qxf6 Nxf6 28. Kf2 Kf8 29. Ke3 Ke7 30. h3 Ne4 31. Nd3 g5 32. Nc5 Nxc5 33. dxc5 Ke6 34. b4 Ke5 35. a4 f6 36. g3 f5 37. gxf5 Kxf5 38. Kf3 Ke5 39. Ke3 h5 40. h4 1/2-1/2